书目信息 |
| 题名: |
科学种植致富100例
|
|
| 作者: | 齐田锋 编著 | |
| 分册: | ||
| 出版信息: | 北京 金盾出版社 2004 |
|
| 页数: | 186,8页 | |
| 开本: | 21cm | |
| 丛书名: | “帮你一把富起来”农业科技丛书 | |
| 单 册: | ||
| 中图分类: | S31 | |
| 科图分类: | ||
| 主题词: | 蔬菜--栽培 , 作物--生物学--理论 , 作物--栽培 | |
| 电子资源: | ||
| ISBN: | 7-5082-1615-6 | |
| 000 | 00952oam2 2200289 45 | |
| 001 | 0900000034872 | |
| 005 | 20060104160130.14 | |
| 010 | @a7-5082-1615-6@dCNY7.50 | |
| 092 | @aCN | |
| 100 | @a20050623d2004 ekmy0chiy0120 ea | |
| 101 | 0 | @achi |
| 102 | @aCN@b110000 | |
| 105 | @aaf z 000yy | |
| 200 | 1 | @a科学种植致富100例@9ke xue zhong zhi zhi fu 100 li@f齐田锋等编著@Fqi tian feng deng bian zhu |
| 210 | @a北京@c金盾出版社@d2004 | |
| 215 | @a186,8页@c图,图版@d21cm | |
| 225 | 2 | @a“帮你一把富起来”农业科技丛书@f刘国芬主编 |
| 330 | @a本书汇集了具有代表性的典型100例,通过这些事例,重点介绍了冬暖式大棚、大拱棚、小拱棚、阳畦、露地栽培模式及其配套技术。 | |
| 461 | 0 | @12001 @a“帮你一把富起来”农业科技丛书 |
| 606 | 0 | @a蔬菜@x栽培 |
| 606 | 0 | @a作物@x生物学@x理论 |
| 606 | 0 | @a作物@x栽培 |
| 690 | @aS31@v4 | |
| 701 | 0 | @a齐田锋@Aqi tian feng@4编著 |
| 801 | 0 | @aCN@bCXYBOOK@c20060104 |
| 905 | @a10447@dS31@e13 | |
| 999 | @aWJ@eJDD | |
| 科学种植致富100例/齐田锋等编著.-北京:金盾出版社,2004 |
| 186,8页:图,图版;21cm.-(“帮你一把富起来”农业科技丛书/刘国芬主编) |
| ISBN 7-5082-1615-6:CNY7.50 |
| 本书汇集了具有代表性的典型100例,通过这些事例,重点介绍了冬暖式大棚、大拱棚、小拱棚、阳畦、露地栽培模式及其配套技术。 |
| ● |
| 相关链接 |
|
|
|
|
正题名:科学种植致富100例
索取号:S31/13
 
预约/预借
| 序号 | 登录号 | 条形码 | 馆藏地/架位号 | 状态 | 备注 |
| 1 | 0373555 | 203735556 | 第二样本阅览室/ [索取号:S31/13] | 在馆 | |
| 2 | 0373556 | 203735565 | 第三借阅区/ [索取号:S31/13] | 在馆 | |
| 3 | 0373557 | 203735574 | 第三借阅区/ [索取号:S31/13] | 在馆 | |
| 4 | 0373558 | 203735583 | 第三借阅区/ [索取号:S31/13] | 在馆 | |
| 5 | 0373559 | 203735592 | 第三借阅区/ [索取号:S31/13] | 在馆 |